Normal view MARC view
  • TCC-22

Entry Geographic Name

Number of records used in: 26

001 - CONTROL NUMBER

  • control field: 131223

003 - CONTROL NUMBER IDENTIFIER

  • control field: NUST

005 - DATE AND TIME OF LATEST TRANSACTION

  • control field: 20251017090409.0

008 - FIXED-LENGTH DATA ELEMENTS

  • fixed length control field: 251017|| aca||aabn | a|a d

040 ## - CATALOGING SOURCE

  • Original cataloging agency: NUST
  • Transcribing agency: NUST

151 ## - HEADING--GEOGRAPHIC NAME

  • Geographic name: TCC-22

670 ## - SOURCE DATA FOUND

  • Source citation: Work cat.: (NUST)212166: Tariq, Mohammad Dayan TCC-22 131222, Development of Android Based Hotel Automation System, June 2014
© 2023 Central Library, National University of Sciences and Technology. All Rights Reserved.